000 00446nam a2200169Ia 4500
008 230524s9999 xx 000 0 und d
082 _a621.3841
_bCAT
100 _aJimmie J.Cathey
245 0 _aSchaum's Basic Electrical Engineering
250 _a2ND
260 _aNEW DELHI
_bJimmie J. Cathey & Syed A.Nasar
_c2004
300 _aVIII;335
500 _aQuantity Number: 5
650 _aElectrical
700 _a Syed A.Nasar
942 _cBK
999 _c22934
_d22934